[Event "Africa-ch"]
[Site "Oran"]
[Date "2017.07.09"]
[Round "8"]
[White "Ghabache, Nour Eddine"]
[Black "Hesham, Abdelrahman"]
[Result "0-1"]
[WhiteElo "2168"]
[BlackElo "2385"]
[PlyCount "78"]
[EventDate "2017.07.02"]
[EventType "swiss"]
[EventRounds "9"]
[EventCountry "ALG"]
[SourceTitle "CBM 179 Extra"]
[Source "ChessBase"]
[SourceDate "2017.08.23"]
[SourceVersion "1"]
[SourceVersionDate "2017.08.23"]
[SourceQuality "1"]

1. d4 Nf6 2. Nf3 g6 3. g3 Bg7 4. Bg2 0-0 5. c4 d6 6. 0-0 Nc6 7. Bf4 Bg4 8. d5 Na5 9. Nbd2 c5 10. Qc2 Rb8 11. a3 b5 12. b4 cxb4 13. axb4 Nxc4 14. Nd4 Nxd5 15. Nc6 Nxf4 16. Nxd8 Nxe2+ 17. Kh1 Nd4 18. Qa2 Rfxd8 19. Nxc4 bxc4 20. Qxc4 Be2 21. Qc7 Bxf1 22. Rxf1 e6 23. Qxa7 Rxb4 24. Qe7 Rbb8 25. h4 h5 26. Rc1 Nf5 27. Qc7 d5 28. Bh3 Nd6 29. Re1 Ne4 30. Re2 Rdc8 31. Qd7 Rc1+ 32. Kg2 Nf6 33. Qe7 Re8 34. Qb7 Rcc8 35. Ra2 Rcd8 36. Qc6 d4 37. Kf1 d3 38. Ke1 Nd5 39. Ra7 d2+ 0-1